Central Library OPAC University of Rajshahi
Normal view MARC view

Entry Personal Name

Number of records used in: 2

001 - CONTROL NUMBER

  • control field: 17284

003 - CONTROL NUMBER IDENTIFIER

  • control field: BD-RjUL

005 - DATE AND TIME OF LATEST TRANSACTION

  • control field: 20251104143409.0

008 - FIXED-LENGTH DATA ELEMENTS

  • fixed length control field: 251104|| aca||aabn | a|a d

040 ## - CATALOGING SOURCE

  • Original cataloging agency: BD-RjUL
  • Transcribing agency: BD-RjUL

100 ## - HEADING--PERSONAL NAME

  • Personal name: Macbeth,
  • Titles and other words associated with a name: King of Scotland,
  • Dates associated with a name: active 11th century
  • General subdivision: In literature

670 ## - SOURCE DATA FOUND

  • Source citation: Work cat.: (BD-RjUL)85918: Brown, John Russell. 17282, Shakespeare: , 1963.